[Event "British Columbia-ch U20"]
[Site "Vancouver"]
[Date "2018.11.10"]
[Round "2.11"]
[White "Luu, Tran Nguyen Khoi"]
[Black "Trenton, Isaac"]
[Result "0-1"]
[WhiteElo "1459"]
[BlackElo "1537"]
[PlyCount "122"]
[EventDate "2018.11.10"]
[EventType "swiss"]
[EventRounds "5"]
[EventCountry "CAN"]
[SourceTitle "EXT 2022"]
[Source "ChessBase"]
[SourceDate "2021.10.06"]
[SourceVersion "1"]
[SourceVersionDate "2021.10.06"]
[SourceQuality "1"]

1. e4 c5 2. Nf3 d6 3. d4 cxd4 4. Qxd4 Nc6 5. Bb5 Bd7 6. Bxc6 Bxc6 7. Nc3 Nf6 8. Bg5 e5 9. Qd3 Be7 10. 0-0-0 a6 11. Bxf6 gxf6 12. Nh4 Bd7 13. Nd5 Be6 14. Nxe7 Kxe7 15. Rd2 Rc8 16. Rhd1 Rc6 17. g3 Qc7 18. Kb1 Rc8 19. Ng2 Qa5 20. b3 Qa3 21. Ne3 a5 22. Nd5+ Bxd5 23. Qxd5 a4 24. Qb5 axb3 25. Qxb7+ R8c7 26. Qxb3 Qa5 27. Rd5 Qa7 28. R1d2 Rb7 29. Rb5 Rxb5 30. Qxb5 Rb6 31. c4 Rxb5+ 32. cxb5 Qa5 33. Rb2 Qe1+ 34. Kc2 Qxe4+ 35. Kb3 Qd5+ 36. Ka4 Qc4+ 37. Ka5 Qc3+ 38. Rb4 Qd2 39. a4 Qxf2 40. b6 Qc5+ 41. Rb5 Qc8 42. b7 Qb8 43. Kb6 Kd7 44. a5 e4 45. a6 Qc7+ 46. Ka7 e3 47. Ka8 Qc6 48. Ra5 Kc7 49. Ka7 Qb6+ 50. Ka8 e2 51. Ra2 e1Q 52. Rc2+ Kd7 53. b8Q Qxa6+ 54. Qa7+ Qxa7+ 55. Kxa7 Qa1+ 56. Kb6 Qb1+ 57. Ka5 Qxc2 58. Kb4 Kc6 59. Ka3 Qb1 60. g4 Kc5 61. g5 Kc4 0-1

[Event "VIE-ch U15"]
[Site "Hai Phong"]
[Date "2018.07.09"]
[Round "5"]
[White "Luu, Tran Nguyen Khoi"]
[Black "Do, Thanh Loc"]
[Result "1/2-1/2"]
[WhiteElo "1799"]
[BlackElo "1808"]
[PlyCount "63"]
[EventDate "2018.07.07"]
[EventType "swiss"]
[EventRounds "9"]
[EventCountry "VIE"]
[SourceTitle "EXT 2019"]
[Source "ChessBase"]
[SourceDate "2018.10.10"]
[SourceVersion "1"]
[SourceVersionDate "2018.10.10"]
[SourceQuality "1"]

1. e4 c5 2. Nf3 Nc6 3. d4 cxd4 4. Nxd4 Nf6 5. Nc3 e5 6. Ndb5 d6 7. Bg5 a6 8. Na3 b5 9. Nd5 Be7 10. Bxf6 Bxf6 11. c4 b4 12. Nc2 a5 13. g3 0-0 14. Bg2 Bg5 15. 0-0 Rb8 16. b3 f5 17. Qd3 Kh8 18. Rad1 f4 19. gxf4 exf4 20. f3 Bh4 21. Nd4 Ne5 22. Qe2 Bd7 23. Kh1 Bg3 24. h3 g6 25. Rd2 Qh4 26. Kg1 Bxh3 27. Bxh3 Qxh3 28. Qg2 Qc8 29. Ne2 Bh4 30. Nexf4 g5 31. Ne2 g4 32. fxg4 1/2-1/2

[Event "VIE-ch U15"]
[Site "Hai Phong"]
[Date "2018.07.08"]
[Round "3"]
[White "Luu, Tran Nguyen Khoi"]
[Black "Huynh, Hai Him"]
[Result "1/2-1/2"]
[WhiteElo "1799"]
[BlackElo "1812"]
[PlyCount "66"]
[EventDate "2018.07.07"]
[EventType "swiss"]
[EventRounds "9"]
[EventCountry "VIE"]
[SourceTitle "EXT 2019"]
[Source "ChessBase"]
[SourceDate "2018.10.10"]
[SourceVersion "1"]
[SourceVersionDate "2018.10.10"]
[SourceQuality "1"]

1. e4 c5 2. Nf3 d6 3. Bb5+ Nd7 4. d4 cxd4 5. Qxd4 a6 6. Bxd7+ Qxd7 7. 0-0 Nf6 8. Bg5 e5 9. Qd3 h6 10. Bxf6 gxf6 11. Nc3 Qd8 12. Nd5 Be6 13. Rfd1 Rg8 14. Ne3 Rc8 15. Nh4 Rc6 16. Nhf5 Rg6 17. c4 Qc8 18. b3 Rg8 19. Qe2 Rg5 20. Rd2 Bxf5 21. Nxf5 Rxf5 22. exf5 Qxf5 23. Rad1 Kd7 24. Qf3 Qe6 25. Qd5 Qxd5 26. Rxd5 Ke6 27. Kf1 f5 28. Ke2 f4 29. g4 Be7 30. Kd3 h5 31. h3 Rc8 32. Rg1 hxg4 33. hxg4 Rh8 1/2-1/2

[Event "VIE-ch U15"]
[Site "Hai Phong"]
[Date "2018.07.07"]
[Round "1"]
[White "Luu, Tran Nguyen Khoi"]
[Black "Ngo, Duc Tri"]
[Result "0-1"]
[WhiteElo "1799"]
[BlackElo "1814"]
[PlyCount "62"]
[EventDate "2018.07.07"]
[EventType "swiss"]
[EventRounds "9"]
[EventCountry "VIE"]
[SourceTitle "EXT 2019"]
[Source "ChessBase"]
[SourceDate "2018.10.10"]
[SourceVersion "1"]
[SourceVersionDate "2018.10.10"]
[SourceQuality "1"]

1. e4 c6 2. Nc3 d5 3. Nf3 Bg4 4. h3 Bxf3 5. Qxf3 e6 6. d4 Nf6 7. Bd3 dxe4 8. Nxe4 Qxd4 9. Be3 Bb4+ 10. Ke2 Qd8 11. Rad1 Nbd7 12. Qg3 Nxe4 13. Bxe4 g6 14. c3 Be7 15. Rd2 Qa5 16. Rhd1 Nf6 17. Bb1 0-0 18. b4 Qb5+ 19. Ke1 Nh5 20. Qh2 Bf6 21. Bd4 Bxd4 22. Rxd4 e5 23. Rd6 Qc4 24. R1d3 Nf4 25. Re3 Rad8 26. Rxd8 Rxd8 27. Qg3 a5 28. Rxe5 Nxg2+ 29. Qxg2 Qxc3+ 30. Kf1 Rd1+ 31. Ke2 Re1# 0-1

[Event "Laos op"]
[Site "Vientiane"]
[Date "2018.01.04"]
[Round "3"]
[White "Luu, Tran Nguyen Khoi"]
[Black "Frost, Peter"]
[Result "0-1"]
[WhiteElo "1460"]
[BlackElo "1865"]
[PlyCount "162"]
[EventDate "2018.01.03"]
[EventType "swiss"]
[EventRounds "9"]
[EventCountry "LAO"]
[SourceTitle "CBM 182 Extra"]
[Source "ChessBase"]
[SourceDate "2018.02.23"]
[SourceVersion "1"]
[SourceVersionDate "2018.02.23"]
[SourceQuality "1"]

1. d4 Nf6 2. Bf4 e6 3. e3 d5 4. Nf3 c5 5. c3 Nc6 6. Nbd2 Bd6 7. Bg3 0-0 8. Bb5 cxd4 9. exd4 Qc7 10. 0-0 Bxg3 11. hxg3 Bd7 12. Re1 Qb6 13. Qe2 a6 14. Bxc6 Bxc6 15. Rab1 Rac8 16. Ne5 Rfe8 17. g4 Nd7 18. g5 Nf8 19. Qh5 Re7 20. Re3 Be8 21. Qh4 Rec7 22. Nb3 Ba4 23. Rf3 Bxb3 24. axb3 Qxb3 25. Qh5 Qc2 26. Re1 Qxb2 27. Rxf7 Qxc3 28. Rd1 g6 29. Rxc7 gxh5 30. Rxc3 Rxc3 31. Rb1 Rc7 32. Rb6 Re7 33. Nd3 Ng6 34. Nc5 e5 35. dxe5 Nxe5 36. Rd6 a5 37. Rxd5 b6 38. Na4 Nc4 39. Rb5 Re5 40. Rxe5 Nxe5 41. Nxb6 Kf7 42. g3 Kg6 43. f4 Nd3 44. Kg2 Nb2 45. Nd5 a4 46. Nc3 a3 47. Na2 Kf5 48. Kf2 Nc4 49. Nb4 Nd6 50. Na2 Ne4+ 51. Ke3 Nxg3 52. Kf3 h4 53. Nb4 Nh5 54. Ke3 Nxf4 55. Kf3 Kxg5 56. Na2 h6 57. Nb4 Kf5 58. Na2 h5 59. Nc3 Ke5 60. Na2 Nd5 61. Kg2 Kf4 62. Kh3 Kg5 63. Kg2 Kg4 64. Kh2 h3 65. Kh1 Kg3 66. Kg1 Nf4 67. Nc3 Kf3 68. Kh2 h4 69. Na2 Ke3 70. Nb4 Kd2 71. Na2 Kc2 72. Nb4+ Kb3 73. Na2 Kxa2 74. Kg1 Kb2 75. Kh1 Ng6 76. Kh2 a2 77. Kxh3 a1Q 78. Kg2 Qa8+ 79. Kh3 Qf3+ 80. Kh2 h3 81. Kg1 Qg2# 0-1